000 00822nas a2200241 4500
001 BR8100253
003 BR-BrBNA
005 20231205084454.0
007 ta
008 230509b bl.|||p| |||| 00| 00por d
040 _aBR-BrBNA
_bpor
_cBiblioteca Nacional de Agricultura
041 _a(Pt)
072 _aF22
100 1 _aJorge, J.A.
245 1 _aEficacia de metodos de axidacao da materia organica do solo para analise granulometrica
246 1 _a[Methods of soil organic matter oxidation, as pre-treatment for mechanical analysis]
650 _aQuimica do solo
650 _aMateria organica
650 _aOxidacao
773 0 _tRevista Brasileira de Ciencia do Solo (Brazil)
_xISSN 0100-0683
_g(May 1980), v. 4(2) p. 118-121
_wBR8100253
909 _a202311
_bLúcia
_c55
_dLúcia Elande
942 _2AGRIS
_n0
_cANA
999 _c105456
_d105456